000 00299nam a2200121 a 4500
008 110105s1975|||| d
100 1 _aLenin, V. I.
245 1 0 _aDetská nemoc " ľavičiarstva" v komunizme
260 _bPravda
_aBratislava
_c1975
020 _c4
044 _axo
_cSK
041 _aslo
999 _c15484
_d15484